Responses for show #634 - Thursday, May 14, 1987

1987 Senior Tournament quarterfinal game 4.

Contestants

Zeke Sevilla, Jr., a criminal lawyer from Vienna, Virginia

Barbara Coffey, a retired teacher from Brewster, New York

Jim Murk, a teacher and minister from Wheaton, Illinois

Jeopardy! Round responses

LIFE BEGINS AT 40
TRANSPORTATION
RHYME TIME
SPORTS LEGENDS
ANCIENT TELEVISION
HODGEPODGE
    $100 16
Lucille Ball

Zeke
    $100 8
hot air balloon

Zeke
    $100 18
down town

Triple Stumper
    $100 1
Nadia Comaneci

Barbara
    $100 7
1941

Zeke
    $100 2
Scotland Yard

Zeke
    $200 17
Don King

Barbara
    $200 9
Alexander Graham Bell

Zeke
    $200 19
glad dad

Barbara
    $200 13
Yogi Berra

Zeke
    $200 3
Harriet Beecher

Jim
    $300 23
James Joyce

Barbara
    $300 10
(Barbara: What was...orbit?)

go around the world

JimBarbara
    $300 20
(Barbara: Who are [*]? [drops head])
[Laughter]
(Alex: I gotta tell you something. We had [**], but that qualifies.)
[Applause]
(Alex: We got a minute to go.)

*Pepys cheeps (**Dickens chickens)

Barbara
    $300 14
Vince Lombardi

Zeke
    $300 4
Ann Landers or Abigail

Jim
    $500 24
(Barbara: Who is George Jones?)
(Alex: [*], The Silver Fox, "Behind Closed Doors.")
[The end of the round signals and the song was not reprised going into the break.]

Charlie Rich

Barbara
    $400 11
piggyback

Zeke
    $400 21
shady lady

Zeke
    $400 15
Billie Jean King

Barbara
    $400 5
great grandson

Zeke
    $500 12
Indianapolis 500

Zeke
    $500 22
(Barbara: Who is Sam Snead?)
(Zeke: Who is Arnold Palmer?)
(Jim: Who is uh, Hogan?)

Jack Nicklaus

JimBarbaraZeke
Triple Stumper
    $500 6
"O Tannenbaum"

Barbara

Scores at the first commercial break (after clue 11):

Jim Barbara Zeke
$800 $300 $1,300

Scores at the end of the Jeopardy! Round:

Jim Barbara Zeke
$300 $700 $2,300

Double Jeopardy! Round responses

FICTIONAL CHARACTERS
CITIES IN ASIA
PHYSICAL SCIENCE
ROBERT'S RULES OF ORDER
JULY
GO FOR BAROQUE
    $200 12
Falstaff

Zeke
    $200 3
Manila

Zeke
    $200 15
reaction

Zeke
    $200 24
minutes

Zeke
    $200 2
John Dillinger

Barbara
    $200 26
Handel

Barbara
    $400 13
Tarzan

Zeke
    $400 4
Bangkok

Barbara
    $400 1
freezing point

Zeke
    $400 25
madame chairman

Barbara
    $400 16
Air Force Academy

Jim
    $400 27
(Zeke: Who is Haydn?)
(Barbara: Who is Wagner?)
...
[The end of the round signals.]

Johann Sebastian Bach

BarbaraZeke
Triple Stumper
    $600 11
The Walrus and the Carpenter

Barbara
    $600 5
Hong Kong

Zeke
    $600 8
(Zeke: What is hydrogen?)
(Jim: What is oxygen?)

water

JimZeke
Triple Stumper
    $600 18
Punch

Zeke
    $600 23
counterpoint

Zeke
    $800 14
The Great Gatsby

Barbara
    $800 6
Delhi & New Delhi

Zeke
    $1,000 9
(Jim: Uh, lift...and uh, ...uh, propulsion?)
(Alex: I can't give it to you, Jim. You didn't phrase it in the form of a question.)

(2 of) thrust, drag, lift & weight

Jim
    $300 21
(Jim: I so, what is I so move?)

I move that

Jim
    $800 19
Barry Goldwater

Zeke
    $1000 17
The Little Minister

Triple Stumper
    $1000 7
(Jim: This is [*], what is [*]?)

Karachi

Jim
    $1000 10
angstrom

Triple Stumper
    $1000 22
(Alex: We've got less than a minute to go.)

parliamentarian

Jim
    $1000 20
Belgium

Jim

Scores at the end of the Double Jeopardy! Round:

Jim Barbara Zeke
$1,800 $2,900 $6,300
(lock game)

Final Jeopardy! Round responses

WARS
(Barbara: I was going to write Mexico City until I realized it has no harbor.)
JimWhat is Havana, Cuba
$1,800
BarbaraWhere is Mex Havana?
$2,500
ZekeWhat is Havana
$499
Havana

Final scores:

Jim Barbara Zeke
$3,600 $5,400 $6,799
3rd place: $1,000 if eliminated 2nd place: $1,000 if eliminated Automatic semifinalist

Game dynamics:

Coryat scores:

Jim Barbara Zeke
$3,100 $3,400 $6,300
7 R,
4 W
(including 2 DDs)
13 R,
4 W
(including 1 DD)
22 R,
3 W

Combined Coryat: $12,800

The J! Archive is created by fans, for fans. The Jeopardy! game show and all elements thereof, including but not limited to copyright and trademark thereto, are the property of Jeopardy Productions, Inc. and are protected under law. This website is not affiliated with, sponsored by, or operated by Jeopardy Productions, Inc. Join the discussion at JBoard.tv.